Principles and practice of nursing research (Record no. 152988)
[ view plain ]
| 000 -LEADER | |
|---|---|
| fixed length control field | 00361nam a2200133Ia 4500 |
| 008 - FIXED-LENGTH DATA ELEMENTS--GENERAL INFORMATION | |
| fixed length control field | 230411s9999 xx 000 0 und d |
| 041 ## - LANGUAGE CODE | |
| Language code of text/sound track or separate title | eng |
| 082 ## - DEWEY DECIMAL CLASSIFICATION NUMBER | |
| Classification number | R/610.724/TAL/B01745 |
| 100 ## - MAIN ENTRY--PERSONAL NAME | |
| Personal name | Talbot Laura |
| 9 (RLIN) | 176983 |
| 245 ## - TITLE STATEMENT | |
| Title | Principles and practice of nursing research |
| 260 ## - PUBLICATION, DISTRIBUTION, ETC. (IMPRINT) | |
| Name of publisher, distributor, etc. | Mosby |
| Place of publication, distribution, etc. | St Louis |
| Date of publication, distribution, etc. | 1995 |
| 300 ## - PHYSICAL DESCRIPTION | |
| Extent | 700p |
| Withdrawn status | Lost status | Damaged status | Not for loan | Collection code | Home library | Current library | Date acquired | Vendor | Cost, normal purchase price | Bill number | Total Checkouts | Full call number | Barcode | Date last seen | Cost, replacement price | Bill Date | Koha item type | Original Barcode |
|---|---|---|---|---|---|---|---|---|---|---|---|---|---|---|---|---|---|---|
| Smt. Bakul Tambat Institute of Nursing Education | Smt. Bakul Tambat Institute of Nursing Education | 10/02/2004 | XEROX COPY. | 154.00 | VC No-419 | R 610.724 TAL B01745 | BTIN-BK-1745 | 11/04/2023 | 154.00 | 10/02/2004 | Books | B01745 |